000 01520nam a2200469 c 4500
999 _c23703
_d23703
001 23703
003 ES-MaCES
005 20190510040006.0
008 110411s2010 sp t 000 | spa d
017 _aAB 457-2010
_bDL
020 _a9788415000099
035 _aCES20110002956m
040 _aES-MaCES
_bspa
_cES-MaCES
100 1 _aRodríguez Rodríguez, Emma
_922425
245 1 0 _aInstituciones de conciliación de trabajo con el cuidado de familiares
_cEmma Rodríguez Rodríguez
250 _a1ª ed
260 _aAlbacete
_bBomarzo
_c2010
300 _a304 p.
_c24 cm
490 1 _aColección Estudios
504 _aBibliografía: p. 275-304
541 _cCompra
650 4 _aigualdad de oportunidades
_927183
650 4 _aconciliación
_927303
650 4 _aempleo
_928299
650 4 _aresponsabilidades familiares
_930598
650 4 _acuidado no profesional
_930651
650 4 _apermiso de trabajo
_929013
650 4 _aexcedencia
_931240
650 4 _anegociación colectiva
_928362
650 4 _aresponsabilidad del empleador
_930146
650 4 _aEscandinavia
_926963
650 4 _aEspaña
_926964
650 4 _arégimen jurídico
_929894
650 4 _929516
_areducción de la duración del trabajo
650 4 _926752
_aUE
650 4 _927056
_aservicios sociales
653 1 0 _aRelaciones laborales-Empleo
830 0 _aColección Estudios (Editorial Bomarzo)
_939568
902 _aLIB Libro
942 _2CES
_cBK
_h2.0.